[Event "15ème Open des Vins du Médoc"]
[Site "Naujac sur Mer ; France"]
[Date "2012.??.??"]
[Round "5.17"]
[White "Goulesque, Camille"]
[Black "Larand, Manuel"]
[Result "0-1"]
[WhiteElo "1681"]
[BlackElo "2037"]
[PlyCount "93"]
[EventDate "2012.??.??"]

1. e4 d6 2. d4 Nf6 3. Nc3 g6 4. f4 Bg7 5. Nf3 O-O 6. Bd3 Na6 7. O-O c5 8. d5
Bg4 9. Bc4 Nc7 10. h3 Bxf3 11. Qxf3 Nd7 12. a4 b6 13. Bd2 a6 14. Rae1 Qb8 15.
Nd1 b5 16. Be2 bxa4 17. Bc3 Nb5 18. Bxg7 Kxg7 19. Qg3 Nd4 20. Bg4 Nf6 21. c3
Qb3 22. Re3 Nc2 23. Re2 Nd4 24. Re3 Nc2 25. Re2 a3 26. bxa3 Nxa3 27. Rb2 Qc4
28. Be2 Qxe4 29. Nf2 Qf5 30. c4 Nxc4 31. Bxc4 Nxd5 32. Nd1 Nxf4 33. Rbf2 d5 34.
Ne3 Qe4 35. Be2 f5 36. Rd1 Rad8 37. Kh2 a5 38. Bb5 c4 39. Rfd2 Nd3 40. Ra1 Nf4
41. Rxa5 c3 42. Ra4 d4 43. Rf2 Nh5 44. Qc7 Qxe3 45. Rf3 Qe6 46. Ra7 Rc8 47. Qa5
0-1

[Event "15ème Open des Vins du Médoc"]
[Site "Naujac sur Mer ; France"]
[Date "2012.??.??"]
[Round "5.18"]
[White "Barat, Jean-Claude"]
[Black "Devecchi, Jorge"]
[Result "0-1"]
[WhiteElo "1467"]
[BlackElo "1942"]
[PlyCount "82"]
[EventDate "2012.??.??"]

1. d4 c5 2. c3 d5 3. Nf3 e6 4. Bf4 Nc6 5. e3 Nf6 6. Bd3 Be7 7. Nbd2 Nd7 8. h4
h6 9. h5 Qb6 10. Qc2 c4 11. Be2 a5 12. Be5 Ndxe5 13. dxe5 a4 14. Nd4 Nxe5 15.
f4 Nc6 16. N2f3 Bf6 17. Qd2 Bd7 18. O-O g6 19. Ne5 Bxe5 20. fxe5 Nxe5 21. hxg6
fxg6 22. Rf6 Rf8 23. Rxf8+ Kxf8 24. Rf1+ Kg7 25. e4 Be8 26. Qe3 Nd7 27. exd5 e5
28. Ne6+ Kh7 29. Qxb6 Nxb6 30. Rf8 Nd7 31. Rf2 Rc8 32. Nf8+ Nxf8 33. Rxf8 Kg7
34. Rf1 b5 35. Bg4 Rd8 36. Be6 h5 37. Kh2 Rd6 38. g4 Bc6 39. g5 Bxd5 40. Rf7+
Kg8 41. Rf6+ Rxe6 0-1

[Event "15ème Open des Vins du Médoc"]
[Site "Naujac sur Mer ; France"]
[Date "2012.??.??"]
[Round "5.19"]
[White "L'Hospital, Philippe"]
[Black "Labbe, Georges"]
[Result "1-0"]
[WhiteElo "1895"]
[BlackElo "1773"]
[PlyCount "39"]
[EventDate "2012.??.??"]

1. d4 Nf6 2. Nf3 d5 3. e3 Bg4 4. h3 Bh5 5. g4 Bg6 6. Ne5 e6 7. h4 h6 8. Nxg6
fxg6 9. Bd3 Bd6 10. Bxg6+ Kd7 11. Nd2 Nc6 12. c4 Ne7 13. Bd3 c6 14. Rg1 e5 15.
g5 hxg5 16. hxg5 Nh5 17. Qg4+ Ke8 18. cxd5 cxd5 19. dxe5 Bxe5 20. Nf3 1-0

[Event "15ème Open des Vins du Médoc"]
[Site "Naujac sur Mer ; France"]
[Date "2012.??.??"]
[Round "5.20"]
[White "Martin, Eric"]
[Black "Keravec, Julien"]
[Result "1-0"]
[WhiteElo "1873"]
[BlackElo "1772"]
[PlyCount "41"]
[EventDate "2012.??.??"]

1. e4 e6 2. Nc3 d5 3. Nf3 d4 4. Ne2 c5 5. Ng3 Nf6 6. Bc4 Be7 7. d3 a6 8. a4 Nc6
9. O-O e5 10. h3 h6 11. Nh2 Bd6 12. Bd2 b6 13. Nh5 Nxh5 14. Qxh5 g6 15. Qf3 Qe7
16. Bd5 Bd7 17. Ng4 h5 18. Nf6+ Kf8 19. Bg5 Be8 20. Nxe8 Qxe8 21. Qf6 1-0

[Event "15ème Open des Vins du Médoc"]
[Site "Naujac sur Mer ; France"]
[Date "2012.??.??"]
[Round "5.21"]
[White "Vandomel, Fabrice"]
[Black "Zickelbein, Benjamin"]
[Result "1-0"]
[WhiteElo "1833"]
[BlackElo "1743"]
[PlyCount "61"]
[EventDate "2012.??.??"]

1. e4 e6 2. d4 d5 3. exd5 exd5 4. c4 c6 5. Nc3 Nf6 6. Bd3 Be7 7. Nge2 Be6 8. c5
Bg4 9. f3 Bh5 10. Nf4 Bg6 11. Nxg6 hxg6 12. Qe2 Qc7 13. f4 Nbd7 14. g3 Nh5 15.
Qf3 a5 16. Bd2 b6 17. cxb6 Qxb6 18. Ne2 Nhf6 19. Bc3 c5 20. a4 c4 21. Bc2 Bb4
22. Rb1 Qe6 23. f5 gxf5 24. Bxf5 Qe7 25. O-O O-O 26. Nf4 Qd6 27. Rbe1 Rfe8 28.
g4 g5 29. Nh3 Ne4 30. Bxe4 dxe4 31. Qxf7+ 1-0

[Event "15ème Open des Vins du Médoc"]
[Site "Naujac sur Mer ; France"]
[Date "2012.??.??"]
[Round "5.22"]
[White "Labarthe, Francois"]
[Black "Prioux, Michel"]
[Result "0-1"]
[WhiteElo "1624"]
[BlackElo "1782"]
[Annotator ",Jean-Luc"]
[PlyCount "54"]
[EventDate "2012.??.??"]

1. e4 c5 2. Nf3 e6 3. d4 cxd4 4. Nxd4 a6 5. c4 Be7 6. Nc3 b6 7. Be3 Bb7 8. f3
d6 9. Be2 Qc7 10. Rc1 Nd7 11. O-O Ngf6 12. Qd2 Rc8 13. Rfd1 O-O 14. Qc2 Qb8 15.
f4 Rfd8 16. b3 Qa8 17. Bf3 Nc5 18. e5 Bxf3 19. Nxf3 dxe5 20. fxe5 Nfd7 21. b4
Nb7 22. Ng5 Nf8 23. Qf2 Bxg5 24. Bxg5 Rxd1+ 25. Nxd1 Ng6 26. Qxb6 Nxe5 27. c5
$4 Rc6 $18 (27... Nd7 $142) 0-1

[Event "15ème Open des Vins du Médoc"]
[Site "Naujac sur Mer ; France"]
[Date "2012.??.??"]
[Round "5.23"]
[White "Van Eeckhout, Guy"]
[Black "Moreno, Yohann"]
[Result "1-0"]
[WhiteElo "1708"]
[BlackElo "1499"]
[PlyCount "76"]
[EventDate "2012.??.??"]

1. d4 d5 2. c4 e6 3. Nc3 Bb4 4. a3 Bxc3+ 5. bxc3 dxc4 6. Qa4+ Bd7 7. Qxc4 Ne7
8. e4 a6 9. Qa2 c5 10. Nf3 cxd4 11. cxd4 Bb5 12. Bxb5+ axb5 13. O-O O-O 14. Rb1
Qb6 15. Be3 Qa5 16. Qb2 Nbc6 17. Bc1 Na7 18. Qe2 h6 19. Bd2 Qd8 20. Rb3 Nec6
21. Be3 Nc8 22. Rd1 Qe7 23. Qxb5 Rxa3 24. Rxa3 Qxa3 25. Qxb7 N8e7 26. Rc1 Rb8
27. Qc7 Qa4 28. h3 Rc8 29. Qg3 Ng6 30. d5 exd5 31. exd5 Nce7 32. Rxc8+ Nxc8 33.
Qc7 Nge7 34. Kh2 Qa6 35. Bc5 Nxd5 36. Qd8+ Kh7 37. Qxd5 Qf6 38. Bd4 Qe7 1-0

[Event "15ème Open des Vins du Médoc"]
[Site "Naujac sur Mer ; France"]
[Date "2012.??.??"]
[Round "5.24"]
[White "Bordas, Laurent"]
[Black "Feit, Jean-Luc"]
[Result "1/2-1/2"]
[WhiteElo "1629"]
[BlackElo "1651"]
[Annotator ",Jean-Luc"]
[PlyCount "208"]
[EventDate "2012.??.??"]

1. d4 d5 2. c4 dxc4 3. Nc3 Bg4 4. f3 Bh5 5. e4 e6 6. Bxc4 Bb4 7. Nge2 Nc6 8.
O-O Nge7 9. Nf4 Bg6 10. Nxg6 Nxg6 11. d5 Bc5+ 12. Kh1 Nd4 13. dxe6 Nxe6 14. Qb3
Qc8 15. Bxe6 fxe6 16. Qb5+ c6 17. Qxc5 b6 18. Qa3 c5 19. Qa4+ Kf7 20. Bg5 h6
21. Be3 Rf8 22. Rad1 Kg8 23. Rd7 Ne5 24. Rd6 Qc7 25. Rfd1 Qf7 26. Rf1 Ng4 27.
Bf2 Ne5 28. Qd1 Qh5 29. Bg3 Nc4 30. Qd3 Nxd6 31. Qxd6 Qe8 32. Qe5 Rd8 33. Bf4
Rf7 34. Bc1 Rfd7 35. Qg3 Kh7 36. e5 b5 37. Qf2 b4 38. Ne4 Rd1 39. Nd6 Qa4 40.
b3 Rxf1+ 41. Qxf1 Qxa2 42. Qc4 Qf2 43. h3 Qe1+ 44. Kh2 Qxe5+ 45. Bf4 Qd4 46.
Qc2+ Kg8 47. Ne4 e5 48. Bg3 a5 49. Bf2 Qd5 50. Bxc5 Qf7 51. Bf2 Qd5 52. Bg3 Qe6
53. Qc7 Rd5 54. Nc5 Qd6 55. Qc8+ Kh7 56. Ne4 Qd7 57. Qb8 Qd8 58. Qb7 Qd7 59.
Qa6 Qf7 60. Qe2 Qe6 61. Nd2 Qf5 62. Nc4 Qd3 63. Qe1 Kh8 64. Nxe5 Rxe5 65. Qxe5
Qxb3 66. Qxa5 Qc4 67. Qa4 Qc3 68. Qb5 b3 69. Be5 Qc2 70. Qb7 Qg6 71. Qxb3 Kh7
72. g4 Qc6 73. Qd3+ Kg8 74. Kg3 Qc5 75. Qd4 Qc1 76. Bxg7 Qe1+ 77. Kf4 Qc1+ 78.
Qe3 Qc4+ 79. Qe4 Qf7+ 80. Qf5 Qc4+ 81. Kg3 Kxg7 82. h4 Qf1 83. Qe5+ Kh7 84.
Qe7+ Kg8 85. Qe3 Qd1 86. h5 Kg7 87. Qe7+ Kg8 88. Qe8+ Kg7 89. Qg6+ Kf8 90.
Qxh6+ Ke7 91. Qg7+ Ke8 92. Qe5+ Kf8 93. Qe3 Kg8 94. h6 Qd6+ 95. Qf4 Qd1 96. Qe3
Qd6+ 97. Kh3 Qd1 98. Qg5+ Kf7 99. Qg7+ Ke6 100. Qg8+ Ke7 101. Qg7+ Ke6 102. g5
$4 Qxf3+ 103. Kh2 Qf2+ 104. Kh3 Qf3+ 1/2-1/2

[Event "15ème Open des Vins du Médoc"]
[Site "Naujac sur Mer ; France"]
[Date "2012.??.??"]
[Round "5.25"]
[White "Bidet, Michel"]
[Black "Condeminas, Christian"]
[Result "0-1"]
[WhiteElo "1558"]
[BlackElo "1734"]
[Annotator ",Jean-Luc"]
[PlyCount "98"]
[EventDate "2012.??.??"]

1. e4 e6 2. d4 d5 3. exd5 exd5 4. Bd3 Nf6 5. Ne2 Bg4 6. O-O Be7 7. c3 Nbd7 8.
Qc2 Bh5 9. Ng3 Bg6 10. Nd2 Bxd3 11. Qxd3 O-O 12. Nf3 Re8 13. Bd2 c6 14. b3 Nf8
15. Nf5 Ne4 16. Nxe7+ Rxe7 17. Rae1 Re6 18. Re2 Qe7 19. Be3 Re8 20. Rfe1 Qd8
21. Nd2 Nd6 22. Nf3 {(=)} f6 23. Bd2 Rxe2 24. Rxe2 Rxe2 25. Qxe2 Qa5 26. Be1
Kf7 27. Qc2 Ne4 28. c4 Qd8 29. Nd2 Nxd2 30. Bxd2 dxc4 31. Qxc4+ Qd5 32. Qxd5+
cxd5 33. Kf1 Ne6 34. Be3 f5 35. f3 g5 36. Ke2 h5 37. h3 Kf6 38. Bf2 Nf4+ 39.
Kf1 Ne6 40. Ke2 Nf4+ 41. Kf1 b5 42. Be3 Ne6 43. Ke2 f4 44. Bf2 Kf5 45. Kf1 g4
46. hxg4+ hxg4 47. Bg1 g3 48. Ke2 b4 49. Ke1 Nc7 0-1

[Event "15ème Open des Vins du Médoc"]
[Site "Naujac sur Mer ; France"]
[Date "2012.??.??"]
[Round "5.26"]
[White "Dubertrand, Bernard"]
[Black "Chainay, Gerard"]
[Result "1-0"]
[WhiteElo "1657"]
[BlackElo "1557"]
[Annotator ",Jean-Luc"]
[PlyCount "35"]
[EventDate "2012.??.??"]

1. e4 c6 2. d4 d5 3. e5 Bf5 4. Nf3 e6 5. Be2 Ne7 6. Nh4 Bg6 7. Bg5 h6 8. Bxe7
Bxe7 9. Nxg6 fxg6 10. Qd3 g5 11. Qg6+ Kd7 12. c4 Kc7 13. Qxe6 Nd7 14. cxd5 Nf8
15. d6+ Kb6 16. Qb3+ Ka5 17. Na3 b5 18. Bxb5 (18. Bxb5 Kb6 19. Bxc6+ Kxc6 20.
Qb5#) 1-0

[Event "15ème Open des Vins du Médoc"]
[Site "Naujac sur Mer ; France"]
[Date "2012.??.??"]
[Round "5.27"]
[White "Lewin, Jacques"]
[Black "Dumontier, Gilbert"]
[Result "0-1"]
[WhiteElo "1499"]
[BlackElo "1653"]
[PlyCount "54"]
[EventDate "2012.??.??"]

1. e4 e5 2. Nf3 Nc6 3. c3 Nf6 4. Bd3 Bc5 5. O-O O-O 6. Bc2 d6 7. d3 h6 8. h3 a6
9. Qe2 Ba7 10. Be3 Ne7 11. Bxa7 Rxa7 12. Nbd2 Ng6 13. Qe3 Ra8 14. Rfe1 Re8 15.
Nb3 Bd7 16. Rad1 Qc8 17. Nh2 Nf4 18. Qf3 Nh7 19. h4 Re6 20. g4 Rg6 21. Kh1 Bxg4
22. Nxg4 Rxg4 23. Re3 Rxh4+ 24. Kg1 Ng5 25. Qg3 Rg4 26. Qxg4 Qxg4+ 27. Rg3 Ne2+
0-1

[Event "15ème Open des Vins du Médoc"]
[Site "Naujac sur Mer ; France"]
[Date "2012.??.??"]
[Round "5.28"]
[White "Deschamps, Christophe"]
[Black "Guille-Photin, Virgile"]
[Result "1/2-1/2"]
[WhiteElo "1456"]
[BlackElo "1620"]
[PlyCount "64"]
[EventDate "2012.??.??"]

1. c4 e5 2. Nc3 Nf6 3. g3 d5 4. cxd5 Nxd5 5. Bg2 Be6 6. d3 Bb4 7. Bd2 Nc6 8.
Nf3 Nxc3 9. bxc3 Be7 10. O-O f6 11. c4 Qd7 12. Be3 Bh3 13. c5 Bxg2 14. Kxg2 b6
15. Rc1 Nd4 16. Bxd4 exd4 17. c6 Qd5 18. Qc2 Bc5 19. Qa4 g5 20. h3 h5 21. Kg1
g4 22. Nh4 f5 23. Ng6 Rg8 24. Nf4 Qe5 25. h4 Qd6 26. Qc4 Rh8 27. Qe6+ Kd8 28.
Qxd6+ cxd6 29. Ne6+ Ke7 30. Nf4 Kd8 31. Ne6+ Ke7 32. Nf4 Kd8 1/2-1/2

[Event "15ème Open des Vins du Médoc"]
[Site "Naujac sur Mer ; France"]
[Date "2012.??.??"]
[Round "5.29"]
[White "Pauly, Bertrand"]
[Black "Merlet, Francois"]
[Result "0-1"]
[WhiteElo "1360"]
[BlackElo "1620"]
[Annotator ",Jean-Luc"]
[PlyCount "68"]
[EventDate "2012.??.??"]

1. e4 c6 2. d4 d5 3. e5 Bf5 4. c3 e6 5. Nf3 Qb6 6. b4 Nd7 7. g3 Ne7 8. Bd3 Bxd3
9. Qxd3 Nf5 10. g4 Ne7 11. Ng5 h6 12. Nf3 a6 13. h3 Qb5 14. Qd1 a5 15. Na3 Qa6
16. Rb1 axb4 17. cxb4 b5 18. O-O Nb6 19. Ra1 Nec8 20. Nc2 Qa4 21. a3 Nc4 22.
Qd3 Be7 23. Qc3 N8b6 24. Bb2 Kd7 25. Rfd1 Rhg8 26. Nd2 g5 27. Nxc4 dxc4 28. Qf3
Rg7 29. Ne3 Nd5 30. Rdc1 Qb3 31. Qe2 Nf4 32. Qc2 Qxc2 33. Rxc2 Nxh3+ 34. Kh2
Nf4 {puis gain noir au coup 61.} 0-1

[Event "15ème Open des Vins du Médoc"]
[Site "Naujac sur Mer ; France"]
[Date "2012.??.??"]
[Round "5.30"]
[White "Coulaty, Philippe"]
[Black "Arrouch, Marc"]
[Result "0-1"]
[WhiteElo "1290"]
[BlackElo "1580"]
[PlyCount "72"]
[EventDate "2012.??.??"]

1. e4 e6 2. d4 d5 3. Nc3 dxe4 4. Nxe4 Nf6 5. Bd3 h6 6. Qf3 Be7 7. Bd2 Qxd4 8.
Bc3 Qd8 9. Ne2 Nbd7 10. Qg3 O-O 11. Nf4 e5 12. Ng6 fxg6 13. Qxg6 Qe8 14. Bc4+
Kh8 15. Qxe8 Rxe8 16. Bf7 Rf8 17. Bg6 Nxe4 18. Bxe4 Bc5 19. O-O-O Bxf2 20. Kb1
Bh4 21. g3 Bf6 22. Bb4 Rd8 23. Bg6 a5 24. Bc5 Nxc5 25. Rxd8+ Bxd8 26. Rf1 Bf6
27. Rh1 Be6 28. h4 Rd8 29. Rg1 Bg4 30. Kc1 e4 31. Re1 e3 32. c3 e2 33. Bc2 Nd3+
34. Kd2 Nxe1+ 35. Kxe1 Rd1+ 36. Bxd1 exd1=Q+ 0-1

[Event "15ème Open des Vins du Médoc"]
[Site "Naujac sur Mer ; France"]
[Date "2012.??.??"]
[Round "5.31"]
[White "Kosic, Miroslav"]
[Black "Pacteau, Nicolas"]
[Result "1/2-1/2"]
[WhiteElo "1497"]
[BlackElo "1299"]
[PlyCount "106"]
[EventDate "2012.??.??"]

1. e4 e5 2. Nf3 Nc6 3. Bb5 Nge7 4. d4 exd4 5. Nxd4 a6 6. Nxc6 Nxc6 7. Bc4 b5 8.
Bd5 Bb7 9. O-O Bd6 10. Re1 Qe7 11. Qg4 Rb8 12. Qxg7 Qe5 13. Qxe5+ Bxe5 14. f4
Bd4+ 15. Kh1 d6 16. c3 Bf6 17. Re3 Ne7 18. Bxb7 Rxb7 19. Na3 Kd7 20. Nc2 c5 21.
e5 dxe5 22. fxe5 Bg7 23. Rd3+ Kc8 24. Bf4 b4 25. cxb4 Ng6 26. g3 cxb4 27. Rd5
Nxf4 28. gxf4 Bh6 29. Rd4 Rd8 30. Rxd8+ Kxd8 31. Rd1+ Ke7 32. Rd4 b3 33. axb3
Rxb3 34. Nb4 Rxb2 35. Nxa6 Rf2 36. Kg1 Rxf4 37. Rd6 Bg7 38. Rd5 Rf5 39. Rc5
Bxe5 40. Kg2 f6 41. Nb4 Rg5+ 42. Kh1 Bd6 43. Rxg5 fxg5 44. Nd5+ Kf7 45. h3 h5
46. Ne3 Bc5 47. Nc4 Kf6 48. Nd2 Kf5 49. Kg2 Kf4 50. Nb3 Ba7 51. Nd2 g4 52. h4
g3 53. Nf1 Kg4 1/2-1/2

[Event "15ème Open des Vins du Médoc"]
[Site "Naujac sur Mer ; France"]
[Date "2012.??.??"]
[Round "5.32"]
[White "Zeuner, Arthur"]
[Black "Mouillon, Thierry"]
[Result "0-1"]
[WhiteElo "1499"]
[BlackElo "1440"]
[PlyCount "86"]
[EventDate "2012.??.??"]

1. d4 d5 2. Nf3 Nf6 3. e3 g6 4. Bd3 Bg7 5. c4 O-O 6. Nc3 Nc6 7. a3 a5 8. h3 b6
9. O-O Ba6 10. Nd2 e5 11. Re1 e4 12. Bc2 Re8 13. c5 bxc5 14. Ba4 Re6 15. Bxc6
Rxc6 16. Qa4 Bb7 17. b4 axb4 18. Qb5 Rb6 19. Qe2 bxc3 20. Nb1 Ba6 21. Qc2 Bd3
22. Qxc3 Bxb1 23. Qxc5 Qb8 24. Qe7 Qa7 25. Qe5 Bd3 26. Ra2 Qa5 27. Bd2 Qb5 28.
Bb4 Qd7 29. g4 Nxg4 30. Qg5 Bh6 31. Qh4 Qf5 32. hxg4 Qg5 33. Qh3 f5 34. f4 exf3
35. Rh2 Rf6 36. Kf2 fxg4 37. Qg3 Re8 38. Qxc7 Rf7 39. Qg3 Rxe3 40. Qb8+ Kg7 41.
Rxe3 Qxe3+ 42. Kg3 f2+ 43. Kg2 f1=Q# 0-1

[Event "15ème Open des Vins du Médoc"]
[Site "Naujac sur Mer ; France"]
[Date "2012.??.??"]
[Round "6.1"]
[White "Fantinel, Thibault"]
[Black "Demuth, Adrien"]
[Result "1/2-1/2"]
[WhiteElo "2279"]
[BlackElo "2423"]
[Annotator ",Jean-Luc"]
[PlyCount "24"]
[EventDate "2012.??.??"]

1. c4 e5 2. Nc3 Nf6 3. Nf3 Nc6 4. e4 Bb4 5. d3 d6 6. h3 Bc5 7. g3 Nd4 8. Bg2 c6
9. O-O Nxf3+ 10. Qxf3 Be6 11. Qe2 h5 12. Be3 Qd7 {(=)} 1/2-1/2

[Event "15ème Open des Vins du Médoc"]
[Site "Naujac sur Mer ; France"]
[Date "2012.??.??"]
[Round "6.2"]
[White "Loiseau, Quentin"]
[Black "Favarel, Antoine"]
[Result "0-1"]
[WhiteElo "2300"]
[BlackElo "2254"]
[PlyCount "106"]
[EventDate "2012.??.??"]

1. Nf3 d5 2. d4 Nf6 3. c4 e6 4. g3 dxc4 5. Bg2 Nc6 6. O-O Rb8 7. Nc3 b5 8. Ne5
Nxe5 9. dxe5 Nd7 10. Bc6 a6 11. a4 b4 12. Ne4 Bb7 13. Bxb7 Rxb7 14. Bg5 Be7 15.
Bxe7 Qxe7 16. Qd4 c3 17. bxc3 O-O 18. Rfd1 c5 19. Qc4 a5 20. f4 bxc3 21. Qd3 h6
22. Nxc3 c4 23. Qxc4 Rb4 24. Qc7 Qc5+ 25. Qxc5 Nxc5 26. Rd6 Rc8 27. Ra3 Ne4 28.
Nxe4 Rxe4 29. Rd2 Rcc4 30. Rda2 g5 31. e3 Kg7 32. Kg2 Kg6 33. Kf3 h5 34. h3 Kf5
35. h4 g4+ 36. Kf2 Rb4 37. Ke2 Rec4 38. Kd3 Rc7 39. Ke2 Ke4 40. Rd3 Rcc4 41.
Rd7 Rc3 42. Kf2 Rxe3 43. Rxf7 Rbb3 44. Re2 Rxe2+ 45. Kxe2 Rxg3 46. Rf6 Rh3 47.
Rxe6 Rh2+ 48. Kd1 Kxf4 49. Rg6 Kxe5 50. Rg5+ Kf4 51. Rxh5 g3 52. Ke1 Rh1+ 53.
Ke2 g2 0-1

[Event "15ème Open des Vins du Médoc"]
[Site "Naujac sur Mer ; France"]
[Date "2012.??.??"]
[Round "6.4"]
[White "Van Delft, Merijn"]
[Black "Louis, Thibault"]
[Result "1/2-1/2"]
[WhiteElo "2408"]
[BlackElo "2113"]
[Annotator ",Jean-Luc"]
[PlyCount "119"]
[EventDate "2012.??.??"]

1. e4 e6 2. d4 d5 3. Nc3 Nf6 4. e5 Nfd7 5. f4 c5 6. Nf3 Nc6 7. Be3 Qb6 8. Na4
Qa5+ 9. c3 cxd4 10. b4 Nxb4 11. cxb4 Bxb4+ 12. Bd2 Bxd2+ 13. Nxd2 O-O 14. Bd3
b5 15. Nb2 Nb6 16. O-O Nc4 17. Nbxc4 bxc4 18. Bxh7+ Kxh7 19. Qh5+ Kg8 20. Nf3
g6 21. Qh6 Qc7 {(=)} 22. f5 f6 23. fxg6 Qg7 24. Qh5 Bd7 25. exf6 Rxf6 26. Ne5
Raf8 27. Rxf6 Rxf6 28. Rb1 Be8 29. Rb8 Rf8 30. Qh3 Bxg6 31. Qxe6+ Bf7 32. Rxf8+
Qxf8 33. Qg4+ Qg7 34. Qxd4 Qg5 35. h3 Be6 36. Kh2 Qg7 37. Qe3 Bf5 38. Qf4 Be6
39. Qd4 Qf6 40. Kg1 Qg7 41. Kh2 Qf6 42. g4 Qf1 43. Qe3 Qf6 44. Kg3 a5 45. h4 a4
46. a3 Qg7 47. h5 Qf6 48. Nf3 Bd7 49. Nd4 Kf7 50. g5 Qd6+ 51. Kg2 Kg8 52. g6
Qf6 53. Kg3 c3 54. Qxc3 Qg5+ 55. Kf2 Qh4+ 56. Ke3 Qxh5 57. Qc5 Qg5+ 58. Kd3
Qxg6+ 59. Kc3 Qg3+ 60. Kb2 {(=)} 1/2-1/2

[Event "15ème Open des Vins du Médoc"]
[Site "Naujac sur Mer ; France"]
[Date "2012.??.??"]
[Round "6.5"]
[White "Velten, Paul"]
[Black "Kramer, Julian"]
[Result "0-1"]
[WhiteElo "2379"]
[BlackElo "2052"]
[PlyCount "66"]
[EventDate "2012.??.??"]

1. d4 d5 2. Nf3 Nf6 3. g3 c6 4. Bg2 Bf5 5. O-O e6 6. c4 Nbd7 7. cxd5 exd5 8.
Nh4 Bg4 9. f3 Bh5 10. Nc3 Nb6 11. a4 Bb4 12. Qd3 Bg6 13. Nxg6 hxg6 14. Bg5 Qd7
15. e4 dxe4 16. Nxe4 Nxe4 17. fxe4 a5 18. b3 O-O 19. Rad1 Nc8 20. Kh1 Ne7 21.
Bc1 Rad8 22. Bb2 g5 23. d5 cxd5 24. Qd4 f6 25. e5 Nf5 26. Qd3 fxe5 27. Bxe5 Qe6
28. Bb2 Ne3 29. Rxf8+ Kxf8 30. Qe2 Re8 31. Qf3+ Kg8 32. Rd3 g4 33. Rxe3 gxf3
0-1

[Event "15ème Open des Vins du Médoc"]
[Site "Naujac sur Mer ; France"]
[Date "2012.??.??"]
[Round "6.6"]
[White "Castro, John"]
[Black "Marholev, Dimitar"]
[Result "0-1"]
[WhiteElo "2193"]
[BlackElo "2370"]
[Annotator ",Jean-Luc"]
[PlyCount "134"]
[EventDate "2012.??.??"]

1. e4 e5 2. Nc3 Nf6 3. Bc4 Nc6 4. d3 Be7 5. Nge2 d6 6. O-O Na5 7. Ng3 O-O 8.
Qe2 a6 9. Bb3 Nxb3 10. axb3 c6 11. f4 exf4 12. Bxf4 d5 13. e5 Ne8 14. Rae1 Be6
15. Nd1 Bg5 16. Qe3 h6 17. Bxg5 Qxg5 18. Qd4 Rc8 19. b4 h5 20. Ne3 g6 21. Qf4
Qxf4 22. Rxf4 {(=)} b6 23. Ra1 Nc7 24. c3 Ra8 25. Ne2 Bd7 26. Rf6 Ne8 27. Rf2
Nc7 28. Rf6 Ne6 29. h4 a5 30. bxa5 Rxa5 31. Rxa5 bxa5 32. Nf4 Rb8 33. Nxe6 Bxe6
34. Rf2 c5 35. d4 cxd4 36. cxd4 Rb3 37. Nf1 Kg7 38. Rd2 g5 39. hxg5 Kg6 40. Kf2
Kxg5 41. Ne3 h4 42. Nd1 a4 43. Ke1 Bg4 44. Nf2 Bf5 45. Nd1 Bg4 46. Nf2 a3 47.
bxa3 Rb1+ 48. Nd1 Kf4 49. a4 Kg3 50. a5 Ra1 51. a6 Bh5 52. a7 Rxa7 53. Rd3+
Kxg2 54. Ne3+ Kg1 55. Nxd5 Ra1+ 56. Kd2 Rd1+ 57. Ke3 Rxd3+ 58. Kxd3 h3 59. Nf4
h2 60. Nxh5 h1=Q 61. Nf6 Qf3+ 62. Kc4 Qc6+ 63. Kd3 Kg2 64. d5 Qa4 65. d6 Kf3
66. d7 Qa5 67. Kd4 Kf4 0-1

[Event "15ème Open des Vins du Médoc"]
[Site "Naujac sur Mer ; France"]
[Date "2012.??.??"]
[Round "6.7"]
[White "Dierkes, Tobias"]
[Black "Kaimer, Thomas"]
[Result "1/2-1/2"]
[WhiteElo "2107"]
[BlackElo "2202"]
[Annotator ",Jean-Luc"]
[PlyCount "37"]
[EventDate "2012.??.??"]

1. d4 Nf6 2. c4 c5 3. d5 b5 4. cxb5 a6 5. bxa6 g6 6. Nc3 Bxa6 7. g3 Bg7 8. Bg2
d6 9. Nf3 O-O 10. O-O Nbd7 11. Rb1 Qa5 12. Bd2 Rfb8 13. Qc2 Ra7 14. a4 Qc7 15.
b3 Nb6 16. Nh4 Rab7 17. Rfd1 Nbd7 18. Nf3 Rb6 19. Be1 {(=)} 1/2-1/2

[Event "15ème Open des Vins du Médoc"]
[Site "Naujac sur Mer ; France"]
[Date "2012.??.??"]
[Round "6.9"]
[White "Kirk, Ezra"]
[Black "L'Hospital, Philippe"]
[Result "1-0"]
[WhiteElo "2225"]
[BlackElo "1895"]
[PlyCount "35"]
[EventDate "2012.??.??"]

1. d4 d6 2. e4 Nf6 3. Nc3 e5 4. dxe5 dxe5 5. Qxd8+ Kxd8 6. Bg5 Be6 7. O-O-O+
Nbd7 8. f4 Bg4 9. Be2 Bxe2 10. Ngxe2 Ke8 11. fxe5 Ng4 12. Nb5 Rc8 13. Rxd7 Kxd7
14. Rd1+ Ke6 15. Nf4+ Kxe5 16. Rd5+ Kxe4 17. Nc3+ Ke3 18. Nd3# 1-0

[Event "15ème Open des Vins du Médoc"]
[Site "Naujac sur Mer ; France"]
[Date "2012.??.??"]
[Round "6.10"]
[White "Thalwitzer, David"]
[Black "Devecchi, Jorge"]
[Result "*"]
[WhiteElo "2174"]
[BlackElo "1942"]
[Annotator ",Jean-Luc"]
[PlyCount "54"]
[EventDate "2012.??.??"]

1. e4 c5 2. c3 g6 3. d4 cxd4 4. cxd4 d5 5. exd5 Nf6 6. Nc3 Nxd5 7. Nge2 Bg7 8.
Nxd5 Qxd5 {(=)} 9. Be3 O-O 10. Nc3 Qd6 11. Be2 Nc6 12. O-O Nxd4 13. Bxd4 Qxd4
14. Qb3 Be6 15. Qa3 Qd6 16. Qxd6 exd6 17. Nb5 Bxb2 18. Rad1 d5 19. Nc7 Rad8 20.
Nxe6 fxe6 21. Rb1 Ba3 22. Rxb7 Rf7 23. Rfb1 Rdd7 24. Rb8+ Kg7 25. f3 Bc5+ 26.
Kf1 Bd6 27. Re8 Rfe7 {(=)} *

[Event "15ème Open des Vins du Médoc"]
[Site "Naujac sur Mer ; France"]
[Date "2012.??.??"]
[Round "6.11"]
[White "Bouvet, Laurent"]
[Black "Le Meur, Jean-Pierre"]
[Result "1-0"]
[WhiteElo "2155"]
[BlackElo "1930"]
[PlyCount "125"]
[EventDate "2012.??.??"]

1. e4 c5 2. Nf3 d6 3. d4 cxd4 4. Nxd4 e5 5. Nb3 Be7 6. Nc3 Nf6 7. Be2 a6 8. a4
Be6 9. Bg5 Nbd7 10. O-O O-O 11. Qd2 Qc7 12. Rfd1 Rfe8 13. a5 Rad8 14. f3 Nc5
15. Bxf6 Bxf6 16. Nd5 Bxd5 17. Qxd5 Ne6 18. c3 Nf4 19. Qc4 Rc8 20. Qxc7 Nxe2+
21. Kf2 Rxc7 22. Kxe2 Be7 23. Rd5 f6 24. Kd3 Rec8 25. Ra4 Kf7 26. Rb4 Ke6 27.
Rb6 f5 28. Nd2 Rd7 29. Nc4 fxe4+ 30. fxe4 Rc6 31. Ne3 Bd8 32. Rb3 b5 33. Ra3
Bg5 34. Nc2 Rc5 35. Nb4 Ra7 36. Ra1 Bd8 37. Ke3 Ra8 38. Rad1 Rxd5 39. exd5+ Kf5
40. Rf1+ Kg6 41. Nc6 Bf6 42. Ke4 Rf8 43. Rf3 h6 44. b3 Rf7 45. Rd3 Bg5 46. Rf3
Bf6 47. g3 Kh7 48. h4 h5 49. Rf1 Kg6 50. c4 bxc4 51. bxc4 Rb7 52. c5 dxc5 53.
d6 Rb2 54. Nxe5+ Kh7 55. Nc4 Rb4 56. Kd5 Rb3 57. d7 Rxg3 58. Rxf6 gxf6 59. Nd6
Rg8 60. Ne8 Rg1 61. Kxc5 Rc1+ 62. Kd6 Kg6 63. Nc7 1-0

[Event "15ème Open des Vins du Médoc"]
[Site "Naujac sur Mer ; France"]
[Date "2012.??.??"]
[Round "6.13"]
[White "Capitaine, Adrien"]
[Black "Martin, Eric"]
[Result "1-0"]
[WhiteElo "2106"]
[BlackElo "1873"]
[PlyCount "65"]
[EventDate "2012.??.??"]

1. e4 Nf6 2. Nc3 e5 3. f4 d5 4. fxe5 Nxe4 5. Qf3 Nxc3 6. bxc3 Be7 7. d4 O-O 8.
Bd3 f6 9. Qh5 f5 10. Ne2 Qe8 11. Qh3 g5 12. O-O Qg6 13. Qf3 Qe6 14. Be3 Nc6 15.
Rf2 Bd7 16. Raf1 Rf7 17. Bxf5 Nxe5 18. Qg3 Rxf5 19. Rxf5 Ng6 20. R1f2 h6 21.
Qxc7 Nf4 22. Re5 Nxe2+ 23. Rxe2 Qg4 24. Qxb7 Rf8 25. Qxd5+ Kh8 26. Bf2 Bf6 27.
h3 Qf4 28. Be3 Qg3 29. Bf2 Qf4 30. g3 Qc1+ 31. Re1 Qxc2 32. R5e2 Qh7 33. Qc5
1-0